Surveyors beware (Record no. 10742)

MARC details
000 -LEADER
fixed length control field 01384cab a2200229 4500
001 - CONTROL NUMBER
control field ABS39392
008 - FIXED-LENGTH DATA ELEMENTS--GENERAL INFORMATION
fixed length control field 090401t1988 xxu||||| |||| 00| 0 eng d
035 ## - SYSTEM CONTROL NUMBER
System control number (Sirsi) u16336
041 ## - LANGUAGE CODE
Language code of text/sound track or separate title eng
110 ## - MAIN ENTRY--CORPORATE NAME
Corporate name or jurisdiction name as entry element Royal Institution of Chartered Surveyors
Subordinate unit Insurance Services
9 (RLIN) 643
245 ## - TITLE STATEMENT
Title Surveyors beware
260 ## - PUBLICATION, DISTRIBUTION, ETC.
Date of publication, distribution, etc. 1988
350 ## - PRICE (NR) (BK AM CF MU VM SE) [OBSOLETE]
Price 0
490 ## - SERIES STATEMENT
Series statement Chartered Quantity Surveyor
Volume/sequential designation 10(10) June 1988, 23(1)
520 ## - SUMMARY, ETC.
Summary, etc. Due to demand, a sequel to "Caveat Surveyor" will be published later this year. The 1986 booklet, which featured a selection of claims handled under the RICS professional indemnity insurance scheme, contained only one illustration of a claim against a quantity surveyor . Preliminary work for the sequel however, has produced evidence that a danger area for quantity surveyors is the situation where a builder goes into liquidation , either in the middle of a contract in which the quantity surveyor forms part of the professional team, or where the quantity surveyor is called in by the liquidator to advise on outstanding contracts. Demonstrates how the quantity surveyor can guard against the chances of being faced with a negligence claim in these circumstances.
650 ## - SUBJECT ADDED ENTRY--TOPICAL TERM
Topical term or geographic name entry element Insurance
9 (RLIN) 6249
650 ## - SUBJECT ADDED ENTRY--TOPICAL TERM
Topical term or geographic name entry element LIABILITY
650 ## - SUBJECT ADDED ENTRY--TOPICAL TERM
Topical term or geographic name entry element SURVEYORS
690 ## - LOCAL SUBJECT ADDED ENTRY--TOPICAL TERM (OCLC, RLIN)
Topical term or geographic name as entry element MANAGEMENT-BUSINESS MANAGEMENT-PROFESSIONAL PRACTICE
942 ## - ADDED ENTRY ELEMENTS (KOHA)
Suppress in OPAC 0
948 ## - LOCAL PROCESSING INFORMATION (OCLC); SERIES PART DESIGNATOR (RLIN)
c (OCLC) 04/03/1997
Holdings
Withdrawn status Lost status Source of classification or shelving scheme Damaged status Not for loan Home library Current library Shelving location Date acquired Total Checkouts Full call number Barcode Date last seen Copy number Price effective from Koha item type
    Dewey Decimal Classification     London London Journal article 14/09/1999   ABS39392 16336-1001 06/08/2019 1 06/08/2019 Journal article